000 00586nam a22002171c 4500
001 a987677652
008 161026s2008 gw |||| 000u rus d
020 _a9785903060528
_9978-5-903060-52-8
041 _arus
100 1 _aKraĊĦeninnikov, Arkadij F.
245 0 0 _aRaskopki v propasti zabvenija :
_bvospominanija o XX veke
264 _aMoskva :
_bSovpadenie,
_c2008
300 _a342 S.
600 0 _aKraĊĦeninnikov, Arkadij F.
650 0 _aAutobiographie
651 0 _aSowjetunion
655 0 _aBibliographie
942 _cMG
040 _cRU-10907106
003 RU-10907106
999 _c39258
_d39258